Statistics for Countries Closest to Switzerland - One Minute Sprint

Click here to take the quiz!

General Stats

  • This quiz has been taken 107 times
  • The average score is 17 of 20

Answer Stats

kmcountrymiles% Correct
0Italy0
100%
0France0
99%
0Germany0
99%
0Austria0
97%
254Belgium158
94%
0Liechtenstein0
92%
370Netherlands230
89%
227Luxembourg141
87%
224Slovenia139
87%
468Spain291
87%
316Czechia196
86%
310San Marino193
82%
502Slovakia312
82%
515Vatican City320
81%
236Monaco147
78%
261Croatia162
72%
539Poland335
72%
428Hungary266
71%
515Andorra320
67%
439Bosnia and
Herzegovina
272
58%

Score Distribution

Percentile by Number Answered

Percent of People with Each Score

Your Score History

You have not taken this quiz